000 00525nam a2200193 a 4500
005 20140412111331.0
008 030207s19uu xx 00 eng d
020 _a0-394-80052-4
050 _aER
_bBe38 1968
100 _aBerenstain, Stan
245 _aBears' vacation (The) /
_cby Stan and Jan Berenstain.
260 _aNew York :
_bBeginner Book,
_c1968.
300 _a63 p. ; ill.
440 _aBeginner Books, B-52
650 _aBears-Fiction
650 _aVacation--Fiction
999 _c104926
_d104926